Balance, consolidación y desafíos en cuidado personal de los/as hijos/as / (Registro nro. 5859)
[ vista simple ]
| 000 -LEADER | |
|---|---|
| fixed length control field | 01029nab a22002057a 4500 |
| 003 - CONTROL NUMBER IDENTIFIER | |
| control field | OSt |
| 005 - DATE AND TIME OF LATEST TRANSACTION | |
| control field | 20260108223710.0 |
| 008 - FIXED-LENGTH DATA ELEMENTS--GENERAL INFORMATION | |
| fixed length control field | 190514b xxu||||| |||| 00| 0 spa d |
| 040 ## - CATALOGING SOURCE | |
| Transcribing agency | PJ |
| 100 ## - MAIN ENTRY--PERSONAL NAME | |
| 9 (RLIN) | 4293 |
| Personal name | Duprat, Carolina |
| 245 10 - TITLE STATEMENT | |
| Title | Balance, consolidación y desafíos en cuidado personal de los/as hijos/as / |
| Statement of responsibility, etc | Carolina Duprat. |
| 300 ## - PHYSICAL DESCRIPTION | |
| Extent | p. 202-215 |
| 505 ## - FORMATTED CONTENTS NOTE | |
| Formatted contents note | Sumario: I. Introducción.— II. El principio de coparentalidad.— III. Las consecuencias de la violación al deber de coparentalidad.— IV. Cuidado compartido y plan de parentalidad.— V. La diferenciación entre cuidado compartido indistinto y alternado, ¿para qué?— VI. Breves palabras de cierre. |
| 505 ## - FORMATTED CONTENTS NOTE | |
| Title | Si te interesa el texto, comunicate a koha@justierradelfuego.gov.ar |
| 650 #0 - SUBJECT ADDED ENTRY--TOPICAL TERM | |
| 9 (RLIN) | 1497 |
| Topical term or geographic name as entry element | CODIGO CIVIL Y COMERCIAL |
| 650 #0 - SUBJECT ADDED ENTRY--TOPICAL TERM | |
| 9 (RLIN) | 967 |
| Topical term or geographic name as entry element | DERECHO DE FAMILIA |
| 650 #0 - SUBJECT ADDED ENTRY--TOPICAL TERM | |
| 9 (RLIN) | 6748 |
| Topical term or geographic name as entry element | PARENTALIDAD COMPARTIDA |
| 773 0# - HOST ITEM ENTRY | |
| Host Biblionumber | 2844 |
| Host Itemnumber | 3222 |
| Place, publisher, and date of publication | Buenos Aires : AbeledoPerrot, 1989- |
| Title | Derecho de familia. N° 120 - Julio 2025 |
| International Standard Book Number | 18511201 |
| 942 ## - ADDED ENTRY ELEMENTS (KOHA) | |
| Source of classification or shelving scheme | |
| Koha item type | Analítica Artículo de Revista |
No hay ítems disponibles.
